The race : (Record no. 6493)

MARC details
000 -LEADER
fixed length control field 00909nam a22003017a 4500
001 - CONTROL NUMBER
control field 6493
003 - CONTROL NUMBER IDENTIFIER
control field FISKH
005 - DATE AND TIME OF LATEST TRANSACTION
control field 20250506123544.0
008 - FIXED-LENGTH DATA ELEMENTS--GENERAL INFORMATION
fixed length control field 250506b cb ||||| |||| 00| 0 eng d
020 ## - INTERNATIONAL STANDARD BOOK NUMBER
International Standard Book Number 9780545767217
040 ## - CATALOGING SOURCE
Original cataloging agency FISKH
Language of cataloging eng
Transcribing agency FISKH
Modifying agency FISKH
050 ## - LIBRARY OF CONGRESS CALL NUMBER
Classification number 448.6
082 ## - DEWEY DECIMAL CLASSIFICATION NUMBER
Classification number PZ7.
100 ## - MAIN ENTRY--PERSONAL NAME
Personal name Charlesworth, Liza
245 ## - TITLE STATEMENT
Title The race :
Remainder of title A folk & fairy tale reader /
Statement of responsibility, etc. Retold by Liza Charlesworth ; Illustrated by Ian Smith
250 ## - EDITION STATEMENT
Edition statement This edition first published in 2014
260 ## - PUBLICATION, DISTRIBUTION, ETC.
Place of publication, distribution, etc. New York :
Name of publisher, distributor, etc. Scholastic,
Date of publication, distribution, etc. 2014
300 ## - PHYSICAL DESCRIPTION
Extent 16 pages :
Other physical details color illustrations ;
Dimensions 23 cm
505 ## - FORMATTED CONTENTS NOTE
Formatted contents note G<br/>
520 ## - SUMMARY, ETC.
Summary, etc. Reading Readiness Phonics Reading. EACH BOOK 1.95.<br/>
521 8# - TARGET AUDIENCE NOTE
Target audience note 320<br/>
Source Lexile<br/>
521 8# - TARGET AUDIENCE NOTE
Target audience note G<br/>
Source Raz-Plus<br/>
650 ## - SUBJECT ADDED ENTRY--TOPICAL TERM
Source of heading or term Fairy tales
Topical term or geographic name entry element Feelings
650 ## - SUBJECT ADDED ENTRY--TOPICAL TERM
Source of heading or term Folktales
Topical term or geographic name entry element Kindergarten
700 ## - ADDED ENTRY--PERSONAL NAME
Personal name Smith, Ian
Dates associated with a name illustrator
942 ## - ADDED ENTRY ELEMENTS (KOHA)
Source of classification or shelving scheme Dewey Decimal Classification
Koha item type Books
Suppress in OPAC No
Holdings
Withdrawn status Lost status Source of classification or shelving scheme Damaged status Not for loan Collection Home library Current library Shelving location Date acquired Total Checkouts Full call number Barcode Date last seen Copy number Price effective from Koha item type
    Dewey Decimal Classification     Juvenile Fiction Footprints International School Library Network Toul Tom Poung Campus Footprints International School Library Network Toul Tom Poung Campus TTP Primary Green Bookshelves 05/06/2025   CHA PZ7. 448.6 2025-1165 05/06/2025 1 05/06/2025 Books